00753pam a2200229 a 4500001000700000003000400007005001700011008004100028010001700069020001500086040001800101050002500119100002300144245009100167260003500258300001600293504005100309650001700360650002600377650003100403856008900434917782OSt20221107111503.0820802s1983 nyu b 001 0 eng  a 82070855  a1857423198 aDLCcDLCdDLC00aHD8038bS35 1991 c.11 aSchön, Donald A.14aThe reflective practitioner :bhow professionals think in action /cDonald A. Schön. aNew York :bBasic Books,c1991 ax, 374 p. ; aIncludes bibliographical references and index. 0aProfessions. 0aThought and thinking. 0aSelf-knowledge, Theory of.423Publisher descriptionuhttp://www.loc.gov/catdir/enhancements/fy0832/82070855-d.html